000 00878nam0a22002411 4500
001 rc\296218
005 20250621023442.0
010 _a5-8250-0107
_9150000
035 _a(NLR Aleph) 005526936
090 _a5568139
_c5568139
100 _a20030307d1990 |||y0rusy50 ca
101 0 _arus
102 _aRU
105 _aa |||||||||
200 1 _aГоворящий кувшин
_eСказки народов СССР в картинках
_e[Для дошк. и мл. шк. возраста]
_fПерсказ М. Шпагина
210 _aТашкент
_cЮлдузча
_d1990
215 _a[64] с.
_cв основном ил., цв. ил.
_d29
702 1 _4570
_7ca
_8rus
_aШпагин
_bМ. В.
_gМихаил Васильевич
_9175263
_3RU\NLR\AUTH\770175314
801 0 _aRU
_bNLR
_gpsbo
801 1 _aRU
_bELAR
_2rusmarc
852 _aNLR
_j90-8/883
942 _cBOOK
980 _aNB